000 00626nam a22002297a 4500
003 UA-OsUOA
001 91172
007 ta
008 20121126b un ||||| |||| 00| 0 ukr d
100 _aСиненко В. І.
090 _a821.161.2
_bС38
942 _cBK
040 _aUA-OsUOA
_bukr
_cUA-OsUOA
_dUA-OsUOA
245 _aЗолото Чорної Гори. Країна Офір
_bромани
300 _a613 с.
955 _a3
041 _aukr
080 _a821.161.2
260 _aК.
_bДніпро
_c1987
650 7 _a82 Література. Літературознавство
_2UDC
999 _c377435
_d377435